| Record ID | ia:murderoflieutebe00unit |
| Source | Internet Archive |
| Download MARC XML | https://archive.org/download/murderoflieutebe00unit/murderoflieutebe00unit_marc.xml |
| Download MARC binary | https://www.archive.org/download/murderoflieutebe00unit/murderoflieutebe00unit_meta.mrc |
LEADER: 01824cam 22003374a 4500
005 20060718084324.0
008 060718s1874 dcu f000 0 eng d
035 $aocm70581094
040 $aJHE$cJHE
043 $an-us-md
049 $aJHEE
050 4 $aE467.1.W55$bU86 1874
110 1 $aUnited States.$bWar Dept.$bInspector General's Office.
245 10 $aMurder of Lieut. Eben White :$bletter from the chief clerk of the War Department, giving circumstances of the murder of Lieut. Eben White by John H. and Webster Sothoron.
246 30 $aLetter from the chief clerk of the War Department, giving circumstances of the murder of Lieut. Eben White by John H. and Webster Sothoron
260 $a[Washington, D.C. :$bU.S. House,$c1874]
300 $a8 p. ;$c23 cm.
490 1 $aEx. doc. / House of Representatives ;$v43d Congress, 1st session, no. 281
500 $aTitle from caption.
520 $aLieutenant Eben White was murdered October 20, 1863 while recruiting black soldiers for the Union Army in Maryland. Includes letter of William Birney, Colonel Second United States Colored Troops, Recruiting and Mustering Officer, as well as a detailed account by witness John W. Bantum, private of Company B, Seventh United States Colored Troops.
561 $3Eisenhower copy:$aBirney Anti-Slavery Collection.$5JHE
600 10 $aWhite, Eben$xDeath and burial.
600 10 $aSothoron, John Henry,$d1807-1893.
600 10 $aSothoron, S. P. Webster,$d1841-1883.
610 10 $aUnited States.$bArmy$xRecruiting, enlistment, etc.$yCivil War, 1861-1865.
651 0 $aMaryland$xHistory$yCivil War, 1861-1865.
700 1 $aBirney, William,$d1819-1907.
700 1 $aBantum, John W.
830 0 $aEx. doc. (United States. Congress. House) ;$v43rd Congress, 1st session, no. 281.
910 $a2507407
994 $aC0$bJHE